000 00553nam a2200217Ia 4500
003 OSt
005 20220918214050.0
006 a|||||r|||| 00| 0
007 ta
008 220917b |||||||| |||| 00| 0 eng d
024 _a135,730
037 _cTextual
040 _aARTS
_cARTS
_beng
041 _2eng
_aeng
082 _aX9.654g, J7(906)
245 0 _aHandbook of commerce and industry in Nigeria
260 _aNA
_bNA
_c1957
650 _aECONOMICS
942 _hX9.654g, J7(906)
_cTEXL
_2CC
999 _c258822
_d258822